000 00363nam a22001217a 4500
005 20231025135014.0
008 231025b |||||||| |||| 00| 0 eng d
082 _a347.1 ADM
245 _aAdmiralty Jurisdiction Regulation Act, 1983 (Act No. 105 of 1983)
260 _aPretoria :
_c1997
300 _b18 pages ;
_c30,5 cm.
942 _cBK
_6ALISON_BN_VRIES
999 _c58
_d58